000 00248nam a2200097Ia 4500
001 699404
005 20250826162110.0
008 250824s9999 xx 000 0 und d
245 0 _aAGATHANIN ANAHTARI/A.ÜMİT/EVEREST
_cAHMET ÜMİT
260 _bEVEREST
999 _c699404
_d699404